000 00719nam a2200265Ia 4500
003 OSt
005 20220918165554.0
006 a|||||r|||| 00| 0
007 ta
008 220917b |||||||| |||| 00| 0 eng d
020 _a8170001072 (hbk)
024 _a21,156
037 _cTextual
040 _aARTS
_cARTS
_beng
041 _2eng
_aeng
082 _aW6v2.N, M9
100 _aVidya Bhushan
_924850
245 0 _aEvolution of democratic institutions in India polity
260 _aNew Delhi
_bEss Ess Pub
_c1989
300 _avii,172p.
_ccm.
500 _aBibliography 168-172p
650 _aPOLITICAL SCIENCE
942 _hW6v2.N, M9
_cTEXL
_2CC
999 _c130421
_d130421